000 00605nam a2200205Ii 4500
003 JO-AjNU
008 230605s9999||||xx |||||||||||||| ||und||
040 _aJO-AjNU
_bara
_erda
_cJO-AjNU
041 _aara
050 1 4 _aAG196 2005
100 3 _aالشمعة، عدنان,
_eauthor
_938261
245 0 0 _aنزهة ممتعة في حديقة المعرفة
250 _aط1
264 3 1 _aدمشق:عدنان الشمعة ،2005
300 _a176ص
336 _atext
_btxt
_2rdacontent
337 _aunmediated
_bn
_2rdamedia
338 _avolume
_bnc
_2rdacarrier
650 4 _aالمعرفة
_938262
999 _aA16060
_c19628
_d19628